Statistics for NHL Coaches Who Have Won The Stanley Cup

Click here to take the quiz!

General Stats

  • This quiz has been taken 55 times
    (3 since last reset)
  • The average score is 36 of 96

Answer Stats

YearTeamHead Coach% Correct
2008Detroit Red WingsMike Babcock
100%
2003New Jersey DevilsPat Burns
100%
1978Montreal CanadiensScotty Bowman
100%
1998Detroit Red WingsScotty Bowman
100%
1997Detroit Red WingsScotty Bowman
100%
2002Detroit Red WingsScotty Bowman
100%
1992Pittsburgh PenguinsScotty Bowman
100%
1973Montreal CanadiensScotty Bowman
100%
1976Montreal CanadiensScotty Bowman
100%
1977Montreal CanadiensScotty Bowman
100%
1979Montreal CanadiensScotty Bowman
100%
2018Washington CapitalsBarry Trotz
67%
2019St. Louis BluesCraig Berube
67%
2014Los Angeles KingsDarryl Sutter
67%
2012Los Angeles KingsDarryl Sutter
67%
1953Montreal CanadiensDick Irvin Sr.
67%
1946Montreal CanadiensDick Irvin Sr.
67%
1932Toronto Maple LeafsDick Irvin Sr.
67%
1944Montreal CanadiensDick Irvin Sr.
67%
2010Chicago BlackhawksJoel Quenneville
67%
2015Chicago BlackhawksJoel Quenneville
67%
2013Chicago BlackhawksJoel Quenneville
67%
2004Tampa Bay LightningJohn Tortorella
67%
1994New York RangersMike Keenan
67%
2006Carolina HurricanesPeter Laviolette
67%
1957Montreal CanadiensToe Blake
67%
1959Montreal CanadiensToe Blake
67%
1960Montreal CanadiensToe Blake
67%
1958Montreal CanadiensToe Blake
67%
1966Montreal CanadiensToe Blake
67%
1956Montreal CanadiensToe Blake
67%
1968Montreal CanadiensToe Blake
67%
1965Montreal CanadiensToe Blake
67%
1939Boston BruinsArt Ross
33%
1938Chicago BlackhawksBill Stewart
33%
1991Pittsburgh PenguinsBob Johnson
33%
2023Vegas Golden KnightsBruce Cassidy
33%
2011Boston BruinsClaude Julien
33%
2009Pittsburgh PenguinsDan Bylsma
33%
1988Edmonton OilersGlen Sather
33%
1987Edmonton OilersGlen Sather
33%
1985Edmonton OilersGlen Sather
33%
1984Edmonton OilersGlen Sather
33%
1942Toronto Maple LeafsHap Day
33%
1949Toronto Maple LeafsHap Day
33%
1948Toronto Maple LeafsHap Day
33%
1947Toronto Maple LeafsHap Day
33%
1945Toronto Maple LeafsHap Day
33%
1970Boston BruinsHarry Sinden
33%
1936Detroit Red WingsJack Adams
33%
1937Detroit Red WingsJack Adams
33%
1943Detroit Red WingsJack Adams
33%
1993Montreal CanadiensJacques Demers
33%
1995New Jersey DevilsJacques Lemaire
33%
2022Colorado AvalancheJared Bednar
33%
2020Tampa Bay LightningJon Cooper
33%
2021Tampa Bay LightningJon Cooper
33%
1999Dallas StarsKen Hitchcock
33%
2000New Jersey DevilsLarry Robinson
33%
2016Pittsburgh PenguinsMike Sullivan
33%
2017Pittsburgh PenguinsMike Sullivan
33%
2007Anaheim DucksRandy Carlyle
33%
1989Calgary FlamesTerry Crisp
33%
1972Boston BruinsTom Johnson
33%
1983New York IslandersAl Arbour
0%
1982New York IslandersAl Arbour
0%
1981New York IslandersAl Arbour
0%
1980New York IslandersAl Arbour
0%
1971Montreal CanadiensAl MacNeil
0%
2001Colorado AvalancheBob Hartley
0%
1931Montreal CanadiensCecil Hart
0%
1930Montreal CanadiensCecil Hart
0%
1969Montreal CanadiensClaude Ruel
0%
1929Boston Bruins*Cy Denneny
0%
1927Ottawa SenatorsDave Gill
0%
1940New York RangersFrank Boucher
0%
1975Philadelphia FlyersFred Shero
0%
1974Philadelphia FlyersFred Shero
0%
1986Montreal CanadiensJean Perron
0%
1955Detroit Red WingsJimmy Skinner
0%
1951Toronto Maple LeafsJoe Primeau
0%
1990Edmonton OilersJohn Muckler
0%
1928New York Rangers*Lester Patrick
0%
1933New York RangersLester Patrick
0%
1996Colorado AvalancheMarc Crawford
0%
1967Toronto Maple LeafsPunch Imlach
0%
1964Toronto Maple LeafsPunch Imlach
0%
1963Toronto Maple LeafsPunch Imlach
0%
1962Toronto Maple LeafsPunch Imlach
0%
1941Boston BruinsRalph Cooney Weiland
0%
1961Chicago BlackhawksRudy Pilous
0%
1935Montreal MaroonsTommy Gorman
0%
1934Chicago BlackhawksTommy Gorman
0%
1954Detroit Red WingsTommy Ivan
0%
1952Detroit Red WingsTommy Ivan
0%
1950Detroit Red WingsTommy Ivan
0%

Score Distribution

Percentile by Number Answered

Percent of People with Each Score

Your Score History

You have not taken this quiz since the last reset